00499nam a22001812 4500001001100000005001700011008004100028020001700069040001500086100003000101245003700131250001300168260004700181300001700228650003400245650003500279852000300314000001839520151217155220.0091026s xx 000 0 eng d a0132403668 : aKABUcKABU1 aGoode, Erich.@000017762110aDeviant behavior /cErich Goode. a8th ed. aUpper Saddle River, NJ. :bPearson,c2008. axii, 384 p. 0aDeviant behavior.@0000177622 0aCriminal behavior.@00001776231